| 000 | 00635nam a22002297a 4500 | ||
|---|---|---|---|
| 003 | OSt | ||
| 005 | 20251022121734.0 | ||
| 008 | 251022b |||||||| |||| 00| 0 eng d | ||
| 020 | _a9781285869681 | ||
| 020 | _a9780357442142 | ||
| 040 | _cDDC | ||
| 082 | _a658.72 PUR 2021 | ||
| 100 |
_aMonczka, Robert M. ; [et...al] _919482 |
||
| 245 | _a Purchasing and Supply Chain Management | ||
| 250 | _aInter ed. | ||
| 260 | _aAustralia; Cengage, 2021 | ||
| 300 | _axxx,858p. ;Ill: 25cm | ||
| 504 | _aAppendices, & index included | ||
| 650 |
_a Purchasing management _919483 |
||
| 650 |
_aSupply Chain _93282 |
||
| 942 |
_2ddc _cO_SHELF |
||
| 999 |
_c9578 _d9578 |
||